| 000 | 00837nam a2200241 a 4500 | ||
|---|---|---|---|
| 001 | 000022028 | ||
| 005 | 20250210123733.0 | ||
| 008 | 100916s1993 dr 000 0 spa d | ||
| 040 |
_aDO-SdBNP _bspa _cBNPHU |
||
| 082 |
_a155.333 _bB674e |
||
| 100 | 1 |
_aBogaert García, Huberto, _d1953- _91809 |
|
| 245 | 1 | 4 |
_aLos enigmas de la sexualidad femenina / _cHuberto Bogaert García. |
| 260 |
_aSanto Domingo : _bMulti-Impresos, _c1993. |
||
| 300 |
_a407 p. ; _c23 cm. |
||
| 500 | _aIncluye datos biográficos del autor en la solapa de la contraportada | ||
| 504 | _aBibliografía : 391-407 | ||
| 590 | _aInventariado, 2018/LP | ||
| 650 | 4 |
_aSexo (psicología) _9153 |
|
| 650 | 4 |
_aConducta sexual _9155 |
|
| 650 | 4 |
_aPsicología de la mujer _943610 |
|
| 650 | 4 |
_aRelaciones hombre-mujer _932629 |
|
| 910 | _aValidado. Control de calidad MFF | ||
| 999 |
_c21526 _d21526 |
||